[Event "BL 1718 Speyer-Schwegenheim - MSA Zugzw"]
[Site "?"]
[Date "2017.11.12"]
[Round "4.1"]
[White "Mons, Leon"]
[Black "Neiksans, Arturs"]
[Result "1/2-1/2"]
[WhiteElo "2500"]
[BlackElo "2584"]
[PlyCount "83"]
[EventDate "2017.??.??"]

1. d4 Nf6 2. c4 e6 3. Nf3 b6 4. e3 Bb7 5. Bd3 d5 6. b3 Bb4+ 7. Nbd2 Nbd7 8. O-O
O-O 9. Bb2 Ne4 10. a3 Bd6 11. b4 Nxd2 12. Nxd2 dxc4 13. Nxc4 f5 14. f3 Nf6 15.
Qd2 Qe8 16. b5 Be7 17. a4 a6 18. Ne5 Bd6 19. Ba3 Qe7 20. Bxd6 Qxd6 21. Bc4 Nd7
22. f4 axb5 23. axb5 Nf6 24. Qb2 h6 25. Be2 Kh7 26. Rfc1 Be4 27. Bf3 Bxf3 28.
gxf3 Nd5 29. Qd2 Qd8 30. Kh1 Rxa1 31. Rxa1 Qe8 32. Rg1 Qh5 33. Qg2 Rg8 34. Ng6
Nxe3 35. Nf8+ Kh8 36. Ng6+ Kh7 37. Qg3 Nf1 38. Nf8+ Kh8 39. Ng6+ Kh7 40. Qg2
Ne3 41. Qg3 Nf1 42. Qg2 1/2-1/2

[Event "BL 1718 Speyer-Schwegenheim - MSA Zugzw"]
[Site "?"]
[Date "2017.11.12"]
[Round "4.2"]
[White "Meskovs, Nikita"]
[Black "Kindermann, Stefan"]
[Result "1-0"]
[WhiteElo "2524"]
[BlackElo "2502"]
[PlyCount "35"]
[EventDate "2017.??.??"]

1. c4 f5 2. g3 Nf6 3. Bg2 g6 4. Nc3 Bg7 5. d3 O-O 6. e4 fxe4 7. dxe4 d6 8. Nge2
c5 9. e5 Ng4 10. Qd5+ Kh8 11. exd6 exd6 12. O-O Ne5 13. Ne4 Nbc6 14. Qxd6 Bg4
15. Nf4 b6 16. h3 Qe8 17. hxg4 Rd8 18. Qe6 1-0

[Event "BL 1718 Speyer-Schwegenheim - MSA Zugzw"]
[Site "?"]
[Date "2017.11.12"]
[Round "4.3"]
[White "Bromberger, Stefan"]
[Black "Horvath, Adam"]
[Result "0-1"]
[WhiteElo "2505"]
[BlackElo "2459"]
[PlyCount "70"]
[EventDate "2017.??.??"]

1. e4 c5 2. Nf3 e6 3. d4 cxd4 4. Nxd4 Nc6 5. Nc3 Qc7 6. Be3 a6 7. Qf3 Ne5 8.
Qg3 h5 9. O-O-O h4 10. Qh3 b5 11. f4 Nc4 12. Bxc4 Qxc4 13. f5 Bb7 14. Nf3 Qc7
15. Ng5 e5 16. Nd5 Bxd5 17. Rxd5 Rc8 18. Rd2 f6 19. Nf3 Bb4 20. c3 Bxc3 21.
bxc3 Qxc3+ 22. Kb1 Rc4 23. Bc5 Rxc5 24. Qg4 Rc4 25. Rb2 Qd3+ 26. Ka1 Kf8 27.
Nxh4 Ne7 28. Re1 Kf7 29. Rb3 Qd4+ 30. Kb1 Qd2 31. Nf3 Qc2+ 32. Ka1 Ra4 33. Rb2
Qc3 34. Ree2 Rb4 35. Rec2 Rxh2 0-1

[Event "BL 1718 Speyer-Schwegenheim - MSA Zugzw"]
[Site "?"]
[Date "2017.11.12"]
[Round "4.4"]
[White "Nemeth, Miklos"]
[Black "Hertneck, Gerald"]
[Result "1/2-1/2"]
[WhiteElo "2489"]
[BlackElo "2496"]
[PlyCount "66"]
[EventDate "2017.??.??"]

1. e4 e6 2. d4 d5 3. Nd2 Nd7 4. e5 c5 5. c3 Ne7 6. Bd3 Nc6 7. Ndf3 cxd4 8. cxd4
f6 9. exf6 Nxf6 10. Ne2 Bd6 11. O-O Qc7 12. Ng3 Bd7 13. b3 O-O 14. Bb2 Rae8 15.
Re1 Qb6 16. Rc1 Bf4 17. Rc5 e5 18. Rb5 Qc7 19. dxe5 Nxe5 20. Nxe5 Bxb5 21. Bxb5
Bxe5 22. Bxe8 Bxb2 23. Bh5 Bc3 24. Re2 Be5 25. Bf3 Rd8 26. Rd2 d4 27. Nf1 Nd5
28. Bxd5+ Rxd5 29. Rc2 Rc5 30. Rxc5 Qxc5 31. Qd3 g6 32. g3 Qc3 33. Qb5 d3
1/2-1/2

[Event "BL 1718 Speyer-Schwegenheim - MSA Zugzw"]
[Site "?"]
[Date "2017.11.12"]
[Round "4.5"]
[White "Zysk, Robert"]
[Black "Shytaj, Luca"]
[Result "1/2-1/2"]
[WhiteElo "2400"]
[BlackElo "2465"]
[PlyCount "121"]
[EventDate "2017.??.??"]

1. Nf3 g6 2. e4 c6 3. d4 d5 4. Nc3 Bg7 5. h3 dxe4 6. Nxe4 Nf6 7. Nxf6+ exf6 8.
Bc4 O-O 9. O-O Nd7 10. Re1 Re8 11. Rxe8+ Qxe8 12. Bf4 Nb6 13. Bb3 Be6 14. Qd2
Qd7 15. Re1 Nc4 16. Qc3 b5 17. Nd2 Qd5 18. a4 Rd8 19. Nf3 g5 20. Bg3 h5 21.
axb5 cxb5 22. Ra1 g4 23. hxg4 hxg4 24. Bxc4 bxc4 25. Nh2 Qxd4 26. Qxd4 Rxd4 27.
Nf1 f5 28. c3 Rd7 29. Bf4 Rb7 30. Ra2 a5 31. Ne3 Rb5 32. Kh2 Bf6 33. Kg3 Kg7
34. f3 gxf3 35. Kxf3 Kg6 36. g3 Bd8 37. Ke2 Rb7 38. Kd2 Bb6 39. Kc2 Re7 40. Ra1
Re8 41. Re1 Rh8 42. Re2 Bc5 43. Ng2 Rh1 44. Re5 Be7 45. Bd2 Bd8 46. Nf4+ Kf6
47. Rc5 Bb6 48. Nd5+ Bxd5 49. Rxd5 Ke6 50. Rb5 Bc7 51. Rc5 Bxg3 52. Rxc4 Rh2
53. Kd3 f4 54. Bxf4 Bxf4 55. Rxf4 Rxb2 56. Re4+ Kd6 57. Rd4+ Ke7 58. Re4+ Kd7
59. Rd4+ Kc8 60. Rd5 a4 61. Ke4 1/2-1/2

[Event "BL 1718 Speyer-Schwegenheim - MSA Zugzw"]
[Site "?"]
[Date "2017.11.12"]
[Round "4.6"]
[White "Yankelevich, Lev"]
[Black "Hoffmeyer, Falk"]
[Result "1-0"]
[WhiteElo "2442"]
[BlackElo "2377"]
[PlyCount "97"]
[EventDate "2017.??.??"]

1. d4 d5 2. c4 e6 3. Nf3 Nf6 4. g3 dxc4 5. Bg2 a6 6. O-O Nc6 7. e3 Bd7 8. Qe2
Bd6 9. Qxc4 Rb8 10. Nbd2 O-O 11. Qc2 Nb4 12. Qc3 Bb5 13. Nc4 Nfd5 14. Qb3 Nb6
15. Nxd6 Qxd6 16. Bd2 Nc6 17. Rfc1 Ba4 18. Qc3 Nd5 19. Qc5 Nf6 20. b3 Bb5 21.
Ne1 Nd8 22. Qxc7 Qxc7 23. Rxc7 Bc6 24. Bb4 Re8 25. Re7 Bxg2 26. Rxe8+ Nxe8 27.
Kxg2 Nc6 28. Ba3 Nf6 29. Nd3 Nd7 30. Rc1 Rd8 31. Bb2 f6 32. e4 Rc8 33. Nf4 Kf7
34. Nxe6 Kxe6 35. d5+ Kd6 36. Ba3+ Ke5 37. Rc4 g5 38. Bb2+ Kd6 39. dxc6 Rxc6
40. Rxc6+ Kxc6 41. Kf3 h5 42. g4 h4 43. e5 fxe5 44. Bc1 Kd5 45. Bxg5 h3 46. Kg3
Ke4 47. f3+ Kd3 48. Kxh3 Kc2 49. Be7 1-0

[Event "BL 1718 Speyer-Schwegenheim - MSA Zugzw"]
[Site "?"]
[Date "2017.11.12"]
[Round "4.7"]
[White "Eichler, Christoph"]
[Black "Ruck, Robert"]
[Result "1/2-1/2"]
[WhiteElo "2286"]
[BlackElo "2533"]
[PlyCount "156"]
[EventDate "2017.??.??"]

1. d4 Nf6 2. c4 e6 3. Nf3 b6 4. g3 Ba6 5. Qa4 Bb7 6. Bg2 c5 7. O-O cxd4 8. Nxd4
Bxg2 9. Kxg2 Qc8 10. Rd1 a6 11. Nc3 Qb7+ 12. f3 Be7 13. Bf4 O-O 14. Rd2 Rc8 15.
Rad1 d6 16. Nc2 Ne8 17. Be3 Nd7 18. Bd4 Rc7 19. e4 Rac8 20. Na3 h6 21. Qb3 Rc6
22. Na4 Bg5 23. Re2 Bf6 24. Red2 Qc7 25. Bxf6 Nexf6 26. Qe3 Qb8 27. Nc3 Ne8 28.
Ne2 Qb7 29. b3 Rc5 30. Nd4 Ne5 31. Nac2 b5 32. cxb5 axb5 33. Ne1 b4 34. Qe2 Nf6
35. Ndc2 Ne8 36. Ne3 Rc3 37. Nd3 Nxd3 38. Rxd3 Qa7 39. Nc4 Rxd3 40. Rxd3 Rc6
41. Qf2 Qa8 42. Rd2 Ra6 43. h4 Qb8 44. Qd4 Rc6 45. Qb2 Nf6 46. Nxd6 Rxd6 47.
Rxd6 Qxd6 48. e5 Qc5 49. exf6 Qc3 50. Qe2 gxf6 51. Qc4 Qd2+ 52. Kf1 f5 53. Qe2
Qd6 54. f4 Qd4 55. Kg2 Kg7 56. h5 Kf6 57. Kh2 Ke7 58. Qb5 Qd2+ 59. Kh3 Qe1 60.
Kg2 Kf6 61. Qb6 Qe2+ 62. Kg1 Qd2 63. Kf1 Kg7 64. Kg1 Qe1+ 65. Kg2 Qe4+ 66. Kf2
Qc2+ 67. Kf3 Qd2 68. Qb8 Qd4 69. Kg2 Qe4+ 70. Kf2 Qc2+ 71. Kf3 Qd1+ 72. Kf2
Qd2+ 73. Kf3 Qe1 74. Kg2 Qe2+ 75. Kg1 Qe4 76. Kf2 Qd4+ 77. Kg2 Qc5 78. Kf3 Qd4
1/2-1/2

[Event "BL 1718 Speyer-Schwegenheim - MSA Zugzw"]
[Site "?"]
[Date "2017.11.12"]
[Round "4.8"]
[White "Kovacs, Gabor"]
[Black "Lammers, Markus"]
[Result "1-0"]
[WhiteElo "2463"]
[BlackElo "2308"]
[PlyCount "116"]
[EventDate "2017.??.??"]

1. d4 d5 2. Nf3 Nf6 3. e3 e6 4. c4 dxc4 5. Bxc4 c5 6. O-O a6 7. Bb3 cxd4 8.
exd4 Be7 9. Nc3 O-O 10. Bg5 Nc6 11. Qd2 b5 12. Rad1 Bb7 13. d5 exd5 14. Nxd5
Nxd5 15. Bxd5 Qc7 16. Bf4 Qb6 17. Be3 Qc7 18. Qc2 Rac8 19. Qf5 g6 20. Qh3 Rcd8
21. Qh6 Rd7 22. Bf4 Qc8 23. Bb3 Bf6 24. Ng5 Bxg5 25. Bxg5 Ne7 26. Rc1 Qa8 27.
Qh3 Nf5 28. Rfd1 Rxd1+ 29. Rxd1 Qc8 30. Qg4 Re8 31. h3 Qc7 32. Rc1 Qe5 33. Qf4
Qxf4 34. Bxf4 Nd4 35. Rc7 Nxb3 36. Rxb7 Nc5 37. Ra7 f5 38. Bh6 Rd8 39. b3 Rd7
40. Ra8+ Kf7 41. Be3 Rd1+ 42. Kh2 Nd3 43. Ra7+ Ke6 44. Rxa6+ Kd5 45. Ra8 Ke6
46. Kg3 Rg1 47. Rd8 Ne1 48. Kh2 Rf1 49. Rd2 Ke5 50. Kg3 Ke4 51. Rd4+ Ke5 52.
f4+ Ke6 53. Rd2 g5 54. fxg5 Ke5 55. Rd1 Ke4 56. Bd2 f4+ 57. Kg4 f3 58. Rxe1+
Kd5 1-0

[Event "BL 1718 SV Hockenheim - SF Deizisau"]
[Site "?"]
[Date "2017.11.12"]
[Round "4.1"]
[White "Bluebaum, Matthias"]
[Black "Jobava, Baadur"]
[Result "1/2-1/2"]
[WhiteElo "2643"]
[BlackElo "2705"]
[PlyCount "53"]
[EventDate "2017.??.??"]

1. d4 d5 2. c4 c6 3. Nf3 Nf6 4. e3 g6 5. Nc3 Bg7 6. Be2 O-O 7. O-O Nbd7 8. cxd5
Nxd5 9. e4 Nc7 10. Be3 Nb6 11. h3 f5 12. exf5 Bxf5 13. Qd2 Ncd5 14. Bh6 Qd6 15.
Bxg7 Kxg7 16. Ne5 Rad8 17. Rad1 Bc8 18. Ne4 Qb4 19. Nc5 Qxd2 20. Rxd2 h5 21. h4
Nf4 22. Bf3 Ne6 23. Rfd1 Kf6 24. Ne4+ Kg7 25. Nc5 Kf6 26. Ne4+ Kg7 27. Nc5
1/2-1/2

[Event "BL 1718 SV Hockenheim - SF Deizisau"]
[Site "?"]
[Date "2017.11.12"]
[Round "4.2"]
[White "Ponomariov, Ruslan"]
[Black "Meier, Georg"]
[Result "1/2-1/2"]
[WhiteElo "2687"]
[BlackElo "2655"]
[PlyCount "50"]
[EventDate "2017.??.??"]

1. d4 e6 2. c4 d5 3. Nc3 Be7 4. cxd5 exd5 5. Bf4 c6 6. Qc2 Nf6 7. h3 Qa5 8. Bd2
g6 9. Nf3 Bf5 10. Qc1 Qb6 11. g4 Be6 12. Bg2 h5 13. g5 Ne4 14. Bf4 Nd7 15. O-O
Nd6 16. b3 O-O 17. Rd1 Nf5 18. e3 Rac8 19. Ne2 Rfe8 20. Qd2 a5 21. Nc1 Nd6 22.
Nd3 Ne4 23. Qb2 Qd8 24. h4 Bg4 25. Rf1 Bxf3 1/2-1/2

[Event "BL 1718 SV Hockenheim - SF Deizisau"]
[Site "?"]
[Date "2017.11.12"]
[Round "4.3"]
[White "Krasenkow, Michal"]
[Black "Sasikiran, Krishnan"]
[Result "1/2-1/2"]
[WhiteElo "2651"]
[BlackElo "2677"]
[PlyCount "64"]
[EventDate "2017.??.??"]

1. Nf3 d5 2. d4 Nf6 3. c4 c6 4. e3 Bf5 5. Nc3 e6 6. Nh4 Bg6 7. Nxg6 hxg6 8. Bd2
Nbd7 9. Qb3 Rb8 10. cxd5 cxd5 11. Bd3 a6 12. e4 dxe4 13. Nxe4 Nxe4 14. Bxe4 Rh4
15. f4 Bd6 16. g3 Rh5 17. O-O Rb5 18. Qc2 Rc8 19. Bc3 Bb4 20. Rac1 Bxc3 21.
bxc3 Nf6 22. Bf3 Kf8 23. Rf2 Kg8 24. Qd3 Rc7 25. c4 Rb6 26. Rd2 Rd6 27. Rcd1
Qc8 28. Rc2 Nd5 29. Bxd5 exd5 30. c5 Re6 31. Re2 Rce7 32. Rde1 Rxe2 1/2-1/2

[Event "BL 1718 SV Hockenheim - SF Deizisau"]
[Site "?"]
[Date "2017.11.12"]
[Round "4.4"]
[White "Moiseenko, Alexander"]
[Black "Heimann, Andreas"]
[Result "1/2-1/2"]
[WhiteElo "2674"]
[BlackElo "2578"]
[PlyCount "51"]
[EventDate "2017.??.??"]

1. d4 Nf6 2. c4 g6 3. Nc3 d5 4. Nf3 Bg7 5. Bg5 Ne4 6. Bf4 O-O 7. e3 c5 8. cxd5
Bf5 9. Be2 cxd4 10. Nxd4 Nxc3 11. bxc3 Be4 12. O-O Bxd5 13. Bg3 Nc6 14. Rb1 Be4
15. Nxc6 Bxc6 16. Bf3 Qc8 17. Bxc6 Qxc6 18. Qb3 b6 19. c4 Rfd8 20. Rfd1 Bf6 21.
h3 Kg7 22. Qb5 Rxd1+ 23. Rxd1 Rc8 24. Qxc6 Rxc6 25. Rd7 Rxc4 26. Rxa7 1/2-1/2

[Event "BL 1718 SV Hockenheim - SF Deizisau"]
[Site "?"]
[Date "2017.11.12"]
[Round "4.5"]
[White "Kozul, Zdenko"]
[Black "Saric, Ivan"]
[Result "1/2-1/2"]
[WhiteElo "2607"]
[BlackElo "2662"]
[PlyCount "92"]
[EventDate "2017.??.??"]

1. d4 Nf6 2. c4 e6 3. Nf3 Bb4+ 4. Nbd2 O-O 5. a3 Be7 6. e4 d5 7. Qc2 dxe4 8.
Nxe4 Nxe4 9. Qxe4 f5 10. Qd3 c5 11. dxc5 Bf6 12. Qxd8 Rxd8 13. Rb1 e5 14. Bg5
Bxg5 15. Nxg5 Nc6 16. Rd1 Rxd1+ 17. Kxd1 a5 18. Kc2 a4 19. Kc3 Ra5 20. Nf3 Rxc5
21. Nd2 e4 22. Be2 Kf7 23. h4 Kf6 24. g3 h6 25. Rd1 Be6 26. b4 axb3 27. Nxb3
Re5 28. Nd4 Nxd4 29. Rxd4 g5 30. Rd6 gxh4 31. gxh4 Ra5 32. Kb4 Re5 33. f4 exf3
34. Bxf3 Re1 35. Kc5 Ke5 36. Bd5 Bxd5 37. Rxd5+ Kf4 38. Rd7 Rb1 39. Rh7 Kg3 40.
Rxh6 f4 41. h5 f3 42. Rg6+ Kf4 43. Rf6+ Ke3 44. Re6+ Kd2 45. Rf6 Ke2 46. Re6+
Kd2 1/2-1/2

[Event "BL 1718 SV Hockenheim - SF Deizisau"]
[Site "?"]
[Date "2017.11.12"]
[Round "4.6"]
[White "Buhmann, Rainer"]
[Black "Graf, Alexander"]
[Result "0-1"]
[WhiteElo "2564"]
[BlackElo "2576"]
[PlyCount "98"]
[EventDate "2017.??.??"]

1. d4 d5 2. c4 c6 3. Nf3 Nf6 4. e3 e6 5. Bd3 Nbd7 6. O-O Be7 7. Nc3 O-O 8. b3
b6 9. Bb2 Bb7 10. Qe2 Qc7 11. Rac1 Rad8 12. Rfd1 Rfe8 13. a3 Qb8 14. e4 c5 15.
e5 dxc4 16. Bxc4 Ng4 17. d5 Ndxe5 18. Nxe5 Nxe5 19. dxe6 Nxc4 20. exf7+ Kxf7
21. Qxc4+ Kf8 22. Nd5 Bd6 23. h3 Bh2+ 24. Kh1 Be5 25. Bxe5 Qxe5 26. Ne3 Rd4 27.
Rxd4 cxd4 28. Ng4 Qg5 29. f3 Ba6 30. Qb4+ Kg8 31. Re1 Rd8 32. Nf2 d3 33. Ne4
Qe5 34. Rd1 Rc8 35. Nf2 Rc2 36. Ne4 h6 37. Qa4 Bb7 38. Qd7 Bxe4 39. fxe4 Qg5
40. Qd5+ Qxd5 41. exd5 Rc3 42. Kh2 Rxb3 43. a4 Kf7 44. Kg3 Ke7 45. Kf4 Kd6 46.
Kf5 Kxd5 47. Kg6 Kd4 48. Kxg7 Ke3 49. Kxh6 Ke2 0-1

[Event "BL 1718 SV Hockenheim - SF Deizisau"]
[Site "?"]
[Date "2017.11.12"]
[Round "4.8"]
[White "Braun, Arik"]
[Black "Schlosser, Philipp"]
[Result "1-0"]
[WhiteElo "2574"]
[BlackElo "2503"]
[PlyCount "59"]
[EventDate "2017.??.??"]

1. d4 Nf6 2. c4 e6 3. Nc3 Bb4 4. f3 O-O 5. a3 Bxc3+ 6. bxc3 Ne8 7. e4 b6 8. Bd3
Nc6 9. Nh3 Ba6 10. O-O e5 11. f4 exd4 12. cxd4 Nxd4 13. Bb2 c5 14. Ng5 h6 15.
Nf3 Nxf3+ 16. Rxf3 Bb7 17. f5 Nf6 18. Rg3 d6 19. Qd2 Kh7 20. Rf1 Rg8 21. Rh3
Rh8 22. Rf4 Kg8 23. Rfh4 h5 24. g4 Nxe4 25. Bxe4 Bxe4 26. f6 Rh7 27. Qg5 Bg6
28. gxh5 Qe8 29. Re3 Qa4 30. Qd5 1-0

[Event "BL 1718 SV Hofheim - SK Schwäbisch Hal"]
[Site "?"]
[Date "2017.11.12"]
[Round "4.1"]
[White "Li, Chao"]
[Black "Schroeder, Jan-Christian"]
[Result "1/2-1/2"]
[WhiteElo "2739"]
[BlackElo "2552"]
[PlyCount "56"]
[EventDate "2017.??.??"]

1. d4 d5 2. c4 e6 3. Nf3 Nf6 4. e3 b6 5. Nc3 Bb7 6. cxd5 exd5 7. Bd3 Bd6 8. O-O
O-O 9. b3 Nbd7 10. Bb2 a6 11. Rc1 Ne4 12. Ne2 Qe7 13. Qc2 Rac8 14. Ng3 f5 15.
Qe2 b5 16. Rc2 c6 17. Rfc1 Rce8 18. Nf1 Qf6 19. Ne1 Qh6 20. Rd1 Re6 21. f3 Ng5
22. Qf2 Ne4 23. Qe2 Ng5 24. Qf2 Rg6 25. Kh1 Ne4 26. Qg1 Ng5 27. Qf2 Ne4 28. Qg1
Ng5 1/2-1/2

[Event "BL 1718 SV Hofheim - SK Schwäbisch Hal"]
[Site "?"]
[Date "2017.11.12"]
[Round "4.2"]
[White "Perske, Thore"]
[Black "Matlakov, Maxim"]
[Result "1-0"]
[WhiteElo "2443"]
[BlackElo "2730"]
[PlyCount "163"]
[EventDate "2017.??.??"]

1. e4 c6 2. d4 d5 3. e5 Bf5 4. Nf3 e6 5. Be2 Ne7 6. O-O h6 7. Nbd2 Nd7 8. Nb3
g5 9. Ne1 Qc7 10. Bh5 c5 11. f4 c4 12. Nd2 gxf4 13. Rxf4 Bg7 14. Nf1 Qb6 15.
Kh1 O-O 16. Ng3 f6 17. Nxf5 Nxf5 18. Rxf5 exf5 19. e6 Qxe6 20. Bf4 Ne5 21. Qe2
Qb6 22. dxe5 fxe5 23. Bxe5 Rae8 24. Bxe8 Rxe8 25. Nf3 Qxb2 26. Bxb2 Rxe2 27.
Bxg7 Kxg7 28. Rc1 Kf6 29. Kg1 b5 30. Kf1 Re3 31. c3 f4 32. Nd4 b4 33. cxb4 Ra3
34. Rc2 a6 35. b5 axb5 36. Nxb5 Rd3 37. Kf2 Ke5 38. a4 f3 39. gxf3 Kf4 40. a5
Rxf3+ 41. Ke2 Rb3 42. Nc7 Ke4 43. a6 Ra3 44. Rd2 Ra5 45. Nxd5 Rxa6 46. Nc3+ Kf5
47. Rd4 Rc6 48. Kf3 Kg5 49. Kg3 Kf5 50. Rd5+ Kg6 51. Kg4 Kf6 52. Kf4 Kg6 53. h4
Rf6+ 54. Kg4 Rc6 55. h5+ Kf6 56. Kf4 Ke6 57. Ke4 Rc8 58. Re5+ Kf6 59. Nd5+ Kf7
60. Kd4 Rc6 61. Rf5+ Kg7 62. Rf3 Rc8 63. Rg3+ Kf7 64. Rg6 Re8 65. Rxh6 Re1 66.
Kxc4 Rh1 67. Rf6+ Kg7 68. Rf5 Kh6 69. Nf4 Rh2 70. Kd3 Rh1 71. Ke3 Rh2 72. Kf3
Rh1 73. Rf6+ Kh7 74. Kg4 Rg1+ 75. Kf5 Rh1 76. Re6 Kg7 77. Ra6 Kh7 78. Kg5 Rg1+
79. Kh4 Rh1+ 80. Nh3 Kg7 81. Kg3 Kh7 82. h6 1-0

[Event "BL 1718 SV Hofheim - SK Schwäbisch Hal"]
[Site "?"]
[Date "2017.11.12"]
[Round "4.3"]
[White "Laznicka, Viktor"]
[Black "Lobzhanidze, Davit"]
[Result "1-0"]
[WhiteElo "2654"]
[BlackElo "2432"]
[PlyCount "87"]
[EventDate "2017.??.??"]

1. d4 d5 2. c4 c6 3. Nf3 Nf6 4. e3 Bf5 5. Nc3 e6 6. Nh4 Bg6 7. Nxg6 hxg6 8. Bd2
Nbd7 9. Qc2 Bd6 10. Be2 Qe7 11. a3 dxc4 12. Bxc4 e5 13. dxe5 Nxe5 14. Be2 O-O
15. h3 Qe6 16. Rd1 Rfd8 17. O-O Nc4 18. Bc1 b5 19. Nb1 Nb6 20. Nd2 a6 21. Nf3
c5 22. Ng5 Qe7 23. e4 c4 24. f4 Bc5+ 25. Kh1 Rxd1 26. Bxd1 Nh7 27. Nf3 Nf8 28.
e5 Ne6 29. f5 gxf5 30. Qxf5 g6 31. Qg4 Nd7 32. Bc2 Ng7 33. b4 Bb6 34. Be4 Rf8
35. Ng5 Nxe5 36. Qh4 Nh5 37. g4 f6 38. Bd5+ Kh8 39. Ne6 Qd6 40. Nf4 Kg7 41.
gxh5 g5 42. Qg3 Kh6 43. Be4 Qd4 44. Qg2 1-0

[Event "BL 1718 SV Hofheim - SK Schwäbisch Hal"]
[Site "?"]
[Date "2017.11.12"]
[Round "4.4"]
[White "Margolin, Boris"]
[Black "Gharamian, Tigran"]
[Result "1/2-1/2"]
[WhiteElo "2376"]
[BlackElo "2626"]
[PlyCount "70"]
[EventDate "2017.??.??"]

1. e4 c5 2. Nf3 d6 3. d4 cxd4 4. Nxd4 Nf6 5. Nc3 a6 6. Be2 e5 7. Nb3 Be7 8. O-O
O-O 9. Re1 Be6 10. Bf3 Nbd7 11. a4 Rc8 12. Nd2 Rc5 13. Nf1 Qb8 14. Be3 Rc7 15.
a5 Rfc8 16. Re2 b5 17. axb6 Nxb6 18. Bxb6 Qxb6 19. Na4 Qb7 20. b3 Rd8 21. c4
Rb8 22. Re3 g6 23. Qe2 Bd7 24. h4 Qc8 25. Nc3 Rcb7 26. Nd2 Rb6 27. Rd3 Qc7 28.
g3 Bf8 29. Qe3 Bc6 30. Bd1 Bd7 31. Nf1 Be6 32. Qf3 Be7 33. Ne3 h5 34. Ncd5 Nxd5
35. Nxd5 Bxd5 1/2-1/2

[Event "BL 1718 SV Hofheim - SK Schwäbisch Hal"]
[Site "?"]
[Date "2017.11.12"]
[Round "4.5"]
[White "Postny, Evgeny"]
[Black "Zude, Erik"]
[Result "1-0"]
[WhiteElo "2569"]
[BlackElo "2402"]
[PlyCount "39"]
[EventDate "2017.??.??"]

1. d4 d5 2. c4 dxc4 3. e4 Nf6 4. e5 Nd5 5. Bxc4 Bf5 6. Qb3 c6 7. Bxd5 cxd5 8.
Qxb7 e6 9. Qxa8 Qb6 10. Ne2 Bd3 11. Nbc3 Bb4 12. Bd2 Bxc3 13. Nxc3 O-O 14. Nxd5
exd5 15. Qxd5 Nc6 16. Qc5 Qb7 17. f3 Qxb2 18. Qc3 Qb5 19. Kf2 Rd8 20. Rhc1 1-0

[Event "BL 1718 SV Hofheim - SK Schwäbisch Hal"]
[Site "?"]
[Date "2017.11.12"]
[Round "4.6"]
[White "Weber, Ulrich"]
[Black "Womacka, Mathias"]
[Result "1/2-1/2"]
[WhiteElo "2357"]
[BlackElo "2434"]
[PlyCount "54"]
[EventDate "2017.??.??"]

1. Nf3 c5 2. g3 Nc6 3. Bg2 e5 4. c4 g6 5. Nc3 Bg7 6. O-O d6 7. a3 Nge7 8. b4 e4
9. Ng5 h6 10. Ngxe4 f5 11. bxc5 fxe4 12. cxd6 Qxd6 13. Nxe4 Qe6 14. Rb1 O-O 15.
d3 b6 16. Bb2 Bxb2 17. Rxb2 Qe5 18. Rd2 Bf5 19. d4 Qa5 20. Qc1 Rad8 21. Rfd1
Qa4 22. h3 Na5 23. Rd3 Nxc4 24. Qxh6 Bxe4 25. Bxe4 Nb2 26. Bxg6 Nxg6 27. Qxg6+
Kh8 1/2-1/2

[Event "BL 1718 SV Hofheim - SK Schwäbisch Hal"]
[Site "?"]
[Date "2017.11.12"]
[Round "4.7"]
[White "Zeller, Frank"]
[Black "Armbruster, Alexander"]
[Result "1/2-1/2"]
[WhiteElo "2371"]
[BlackElo "2306"]
[PlyCount "80"]
[EventDate "2017.??.??"]

1. c4 e5 2. Nc3 d6 3. g3 Be7 4. Bg2 f5 5. d4 Nf6 6. e3 O-O 7. Nge2 c6 8. O-O
Na6 9. Rb1 e4 10. b4 d5 11. b5 Nc7 12. bxc6 bxc6 13. Qa4 Ba6 14. cxd5 cxd5 15.
Ba3 Rf7 16. Rfc1 g5 17. Bh3 Bxa3 18. Qxa3 Ng4 19. Qc5 Qf6 20. Bf1 Qh6 21. h3
Nxf2 22. Kxf2 f4 23. Nxd5 fxg3+ 24. Ke1 Ne6 25. Ne7+ Kf8 26. Nf5+ Nxc5 27. Nxh6
Nd3+ 28. Kd2 Rf2 29. Rc7 g2 30. Bxg2 Rxg2 31. Rf1+ Nf4 32. exf4 Rxe2+ 33. Kd1
Rxa2 34. Re1 Bd3 35. Rf7+ Ke8 36. Rxh7 gxf4 37. Nf5 Ra1+ 38. Kd2 Ra2+ 39. Kd1
Ra1+ 40. Kd2 Ra2+ 1/2-1/2

[Event "BL 1718 SV Hofheim - SK Schwäbisch Hal"]
[Site "?"]
[Date "2017.11.12"]
[Round "4.8"]
[White "Burkart, Patrick"]
[Black "Zpevak, Pavel"]
[Result "1/2-1/2"]
[WhiteElo "2302"]
[BlackElo "2342"]
[PlyCount "44"]
[EventDate "2017.??.??"]

1. d4 Nf6 2. Nf3 e6 3. c4 b6 4. a3 Bb7 5. Nc3 d5 6. Bg5 Be7 7. cxd5 exd5 8. e3
O-O 9. Bd3 c5 10. O-O Nbd7 11. Rc1 Ne4 12. Bxe7 Qxe7 13. dxc5 bxc5 14. Qe2 Ndf6
15. Nd2 Ng5 16. Rfd1 Rfd8 17. Nf1 Ne6 18. Ng3 g6 19. Ba6 Bc6 20. Bb5 Bb7 21.
Ba6 Bc6 22. Bb5 Bb7 1/2-1/2

[Event "BL 1718 Hamburger SK - SV Mülheim Nord"]
[Site "?"]
[Date "2017.11.12"]
[Round "4.1"]
[White "Navara, David"]
[Black "Grandelius, Nils"]
[Result "1-0"]
[WhiteElo "2726"]
[BlackElo "2653"]
[PlyCount "103"]
[EventDate "2017.??.??"]

1. e4 e5 2. Nf3 Nc6 3. Bb5 a6 4. Ba4 Nf6 5. O-O Be7 6. Re1 b5 7. Bb3 O-O 8. a4
b4 9. d4 d6 10. dxe5 Nxe5 11. Nxe5 dxe5 12. Qe2 a5 13. Bg5 Bc5 14. Nd2 h6 15.
Bh4 Qe7 16. h3 Rd8 17. Nf3 Bb7 18. Bxf6 Qxf6 19. Qb5 Bb6 20. Rad1 Rxd1 21. Rxd1
Bxe4 22. Rd7 Bg6 23. Qxe5 Qxe5 24. Nxe5 Kh7 25. Kf1 Re8 26. f4 Be3 27. Bxf7
Bxf7 28. Rxf7 Bxf4 29. Nd3 Bg3 30. Rf3 Bd6 31. Rf5 Ra8 32. b3 Kg6 33. g4 c6 34.
Nb2 Bc7 35. Nc4 Ra6 36. h4 Ra8 37. Ke2 Re8+ 38. Kf3 Re1 39. Rc5 Re6 40. Nxa5
Rf6+ 41. Ke4 Bb6 42. Re5 Bc7 43. Rf5 Re6+ 44. Kd3 Rd6+ 45. Kc4 Rd2 46. Nxc6
Rxc2+ 47. Kb5 Rg2 48. Ne7+ Kh7 49. g5 hxg5 50. Rxg5 Rxg5+ 51. hxg5 Bd8 52. a5
1-0

[Event "BL 1718 Hamburger SK - SV Mülheim Nord"]
[Site "?"]
[Date "2017.11.12"]
[Round "4.2"]
[White "Huschenbeth, Niclas"]
[Black "Tregubov, Pavel V"]
[Result "1/2-1/2"]
[WhiteElo "2596"]
[BlackElo "2589"]
[PlyCount "63"]
[EventDate "2017.??.??"]

1. e4 e5 2. Nf3 Nf6 3. d4 Nxe4 4. Bd3 d5 5. Nxe5 Nd7 6. Nxd7 Bxd7 7. O-O Be7 8.
Nc3 Nf6 9. Bg5 c6 10. Re1 O-O 11. Qd2 Be6 12. f4 Re8 13. Kh1 h6 14. Bxf6 Bxf6
15. Ne2 Qc8 16. c3 Bf5 17. Ng3 Bxd3 18. Qxd3 Qd7 19. Kg1 Be7 20. Qf5 Qxf5 21.
Nxf5 Bf8 22. Kf2 g6 23. Nh4 Re4 24. g3 Rae8 25. Nf3 Bd6 26. Ne5 Rxe1 27. Rxe1
Kg7 28. Kf3 f6 29. Nd3 Rxe1 30. Nxe1 Kf7 31. Nc2 Ke6 32. Ne3 1/2-1/2

[Event "BL 1718 Hamburger SK - SV Mülheim Nord"]
[Site "?"]
[Date "2017.11.12"]
[Round "4.3"]
[White "Fridman, Daniel"]
[Black "Ernst, Sipke"]
[Result "1-0"]
[WhiteElo "2626"]
[BlackElo "2548"]
[PlyCount "77"]
[EventDate "2017.??.??"]

1. c4 e6 2. Nf3 Nf6 3. g3 d5 4. Bg2 dxc4 5. Qa4+ Nbd7 6. Qxc4 a6 7. Qc2 c5 8.
Nc3 Ra7 9. a4 b6 10. d3 Bb7 11. O-O Qa8 12. Re1 Be7 13. e4 O-O 14. Bf4 Nb8 15.
d4 Nc6 16. Rad1 cxd4 17. Nxd4 Rd8 18. Be3 Nb4 19. Qb3 Ng4 20. Nxe6 Rxd1 21.
Rxd1 Nxe3 22. fxe3 Bc6 23. Nd4 a5 24. Nd5 Bxd5 25. exd5 Bd6 26. Nb5 Rd7 27. Bh3
Rd8 28. Nxd6 Rxd6 29. Rc1 Qe8 30. e4 g6 31. Qf3 Kg7 32. Qc3+ Kh6 33. Bg2 Qxa4
34. Qe3+ Kg7 35. Qd4+ Kh6 36. e5 Rd7 37. Qh4+ Kg7 38. Qf6+ Kh6 39. Rc4 1-0